[Event "PNWCC Masters 2020"]
[Site "chess.com INT"]
[Date "2020.05.24"]
[Round "6.19"]
[White "Fridman, Daniel"]
[Black "Eswaran, Ashritha"]
[Result "1-0"]
[WhiteTitle "GM"]
[BlackTitle "WIM"]
[WhiteElo "2615"]
[BlackElo "2244"]
[WhiteFideId "11600454"]
[BlackFideId "2080788"]
[EventDate "2020.05.23"]

1. d4 Nf6 2. Nf3 e6 3. c4 c5 4. d5 exd5 5. cxd5 d6 6. Nc3 g6 7. Bf4 a6 8. Nd2 b5
9. a4 b4 10. Nce4 Nxe4 11. Nxe4 Be7 12. e3 f5 13. Nd2 O-O 14. Bd3 a5 15. O-O Ba6
16. Bxa6 Rxa6 17. Qe2 Ra7 18. Nc4 Na6 19. b3 Kh8 20. e4 fxe4 21. Qxe4 Nc7 22.
Rad1 Na8 23. Bh6 Rf7 24. f4 Bf6 25. Qe6 Rfd7 26. Rfe1 Nc7 27. Qg4 Rf7 28. Kh1
Ra8 29. f5 g5 30. Re6 Nxe6 31. dxe6 Rfa7 32. Nxd6 Qg8 33. Ne4 Bb2 34. f6 Re8 35.
f7 Rxf7 36. exf7 Qxf7 37. Nd6 Qe6 38. Nxe8 Qxg4 39. Rd8 Qe6 40. Nf6+ 1-0

[Event "PNWCC Masters 2020"]
[Site "chess.com INT"]
[Date "2020.05.24"]
[Round "6.20"]
[White "Zheng, Michael"]
[Black "Yoo, Christopher Woojin"]
[Result "0-1"]
[BlackTitle "IM"]
[WhiteElo "2050"]
[BlackElo "2455"]
[WhiteFideId "30930308"]
[BlackFideId "30909694"]
[EventDate "2020.05.23"]

1. e4 c5 2. Nf3 d6 3. d4 cxd4 4. Nxd4 Nf6 5. Nc3 Nc6 6. Be2 g6 7. O-O Bg7 8. Nb3
O-O 9. Bg5 a6 10. a4 Be6 11. f4 Na5 12. Nxa5 Qxa5 13. Kh1 Rac8 14. Bf3 Rc4 15.
Re1 h6 16. Bxf6 Bxf6 17. Nd5 Bxd5 18. exd5 Bxb2 19. Rb1 Bf6 20. f5 g5 21. Rxb7
Qxa4 22. Rb3 a5 23. g4 Rfc8 24. Re2 Qa2 25. Be4 a4 26. Rb5 Qa3 27. Kg2 Qc3 28.
Qb1 Qe5 29. Bf3 Qf4 30. Rb8 Be5 0-1

[Event "PNWCC Masters 2020"]
[Site "chess.com INT"]
[Date "2020.05.24"]
[Round "6.22"]
[White "Liang, Jason"]
[Black "Padhye, Rohan"]
[Result "1-0"]
[WhiteTitle "FM"]
[WhiteElo "2340"]
[BlackElo "1716"]
[WhiteFideId "30940303"]
[BlackFideId "30946034"]
[EventDate "2020.05.23"]

1. d4 d5 2. Nf3 Nf6 3. e3 Bf5 4. Bd3 Bxd3 5. Qxd3 c6 6. O-O e6 7. c4 Bd6 8. Nc3
O-O 9. e4 dxe4 10. Nxe4 Nxe4 11. Qxe4 Nd7 12. Bg5 Be7 13. Bf4 Nf6 14. Qe2 Bd6
15. Ne5 Qc7 16. Rfd1 Rfd8 17. Rd3 Nd7 18. Rad1 Nxe5 19. Bxe5 Bxe5 20. dxe5 h6
21. Rd6 c5 22. Kf1 Rxd6 23. exd6 Qc6 24. b3 Rd8 25. Qe5 b6 26. f3 Rd7 27. Ke2
Rd8 28. h4 Rd7 29. Ke3 b5 30. cxb5 Qxb5 31. Rc1 Qb6 32. Qxc5 Rxd6 33. Qxb6 axb6
34. a4 Kf8 35. b4 Ke8 36. a5 bxa5 37. bxa5 Kd7 38. Ra1 Kc7 39. a6 Kb8 40. Rb1+
Ka8 41. Rb7 g5 42. hxg5 hxg5 43. Rxf7 Rxa6 44. Rg7 Kb8 45. Ke4 Kc8 46. Ke5 Kd8
47. Kf6 Ra2 48. Rxg5 Re2 49. f4 Ke8 50. Rg8+ Kd7 51. g3 Re3 52. Rg7+ Ke8 53. g4
Kf8 54. Rf7+ Kg8 55. Re7 Re4 56. Kg5 Kf8 57. Ra7 Rb4 58. Ra3 Kg7 59. Re3 Rb6 60.
Re5 Ra6 61. Rb5 Ra4 62. Rb7+ Kf8 63. Rc7 Rb4 64. Rh7 Kg8 65. Re7 Re4 66. Kg6 Kf8
67. Rf7+ Kg8 68. g5 Rd4 69. Re7 Re4 70. Re8# 1-0

[Event "PNWCC Masters 2020"]
[Site "chess.com INT"]
[Date "2020.05.24"]
[Round "6.23"]
[White "Guha, Eshan"]
[Black "Talukdar, Rohan"]
[Result "0-1"]
[BlackTitle "FM"]
[WhiteElo "1866"]
[BlackElo "2341"]
[WhiteFideId "30958628"]
[BlackFideId "2616378"]
[EventDate "2020.05.23"]

1. d4 Nf6 2. c4 g6 3. g3 Bg7 4. Bg2 d5 5. cxd5 Nxd5 6. e4 Nb6 7. Ne2 c5 8. d5 e6
9. Nbc3 O-O 10. O-O exd5 11. Nxd5 Nxd5 12. exd5 Bf5 13. Nc3 Qd7 14. Be3 Na6 15.
Qd2 Rfd8 16. Ne4 Rac8 17. Rac1 b6 18. Bg5 Bxe4 19. Bxe4 Re8 20. Bg2 Nc7 21. Rfd1
Bd4 22. Be3 Bxe3 23. fxe3 Nb5 24. Qd3 Nd6 25. Qc3 Re7 26. Re1 Rce8 27. Qd3 Re5
28. b3 Qe7 29. Rc3 Nf5 30. Bh3 Rxe3 31. Rxe3 Qxe3+ 32. Qxe3 Nxe3 33. d6 Nd5 34.
d7 Rd8 35. Rd3 Nb4 36. Re3 Kf8 37. Re2 Nc6 38. Kf2 Nd4 39. Re5 f5 40. g4 Rxd7
41. gxf5 gxf5 42. Kg3 Re7 43. Rxe7 Kxe7 44. Bf1 Kf6 45. Kf4 Ne6+ 46. Kf3 Ke5 47.
Bc4 Nd4+ 48. Ke3 f4+ 49. Kd3 h6 50. Ba6 Nc6 51. a3 Na5 52. b4 cxb4 53. axb4 Nc6
54. Kc4 f3 55. Bc8 f2 56. Bh3 Ke4 57. Kb5 Nb8 58. Kc4 Ke3 59. Bf1 Kd2 0-1

[Event "PNWCC Masters 2020"]
[Site "chess.com INT"]
[Date "2020.05.24"]
[Round "6.24"]
[White "Costello, Alexander"]
[Black "Singh, Hersh"]
[Result "1-0"]
[WhiteTitle "IM"]
[WhiteElo "2258"]
[BlackElo "1906"]
[WhiteFideId "2099659"]
[BlackFideId "30918804"]
[EventDate "2020.05.23"]

1. e4 e5 2. Nf3 Nc6 3. Bb5 a6 4. Ba4 Nf6 5. O-O Be7 6. Re1 b5 7. Bb3 d6 8. c3
O-O 9. h3 Nb8 10. d4 Nbd7 11. Nbd2 Bb7 12. Bc2 Re8 13. Nf1 Bf8 14. Ng3 g6 15. a4
Nb6 16. dxe5 dxe5 17. Qxd8 Raxd8 18. axb5 axb5 19. Bg5 Bg7 20. Ra7 Rb8 21. Bd3
c6 22. Be3 Nc8 23. Ra5 Bf8 24. Nf1 Nd7 25. N1d2 Bc5 26. Bxc5 Nxc5 27. Bc2 Nb6
28. b4 Ncd7 29. Bb3 Kg7 30. c4 bxc4 31. Nxc4 Nxc4 32. Bxc4 Ra8 33. Rd1 Rxa5 34.
bxa5 Nc5 35. Ng5 Re7 36. Nxf7 Rxf7 37. Bxf7 Kxf7 38. Rb1 Ke7 39. Rxb7+ Kd6 40.
Rxh7 Na6 41. Rg7 Kc5 42. Rxg6 Kb5 43. Re6 c5 44. Rxe5 Kb4 45. Re6 Kxa5 46. Rxa6+
Kxa6 47. Kf1 Kb5 48. Ke2 Kb4 49. Kd2 Kb3 50. Kc1 c4 51. e5 c3 52. e6 c2 53. e7 1-0

[Event "PNWCC Masters 2020"]
[Site "chess.com INT"]
[Date "2020.05.24"]
[Round "6.26"]
[White "Leiva, Giuseppe"]
[Black "Jiang, Brandon"]
[Result "1-0"]
[WhiteTitle "IM"]
[WhiteElo "2391"]
[BlackElo "1954"]
[WhiteFideId "3804399"]
[BlackFideId "30943582"]
[EventDate "2020.05.23"]

1. d4 e6 2. Nf3 f5 3. g3 Nf6 4. Bg2 Be7 5. O-O O-O 6. c4 d6 7. b4 a5 8. b5 Ne4
9. Nfd2 Nxd2 10. Qxd2 Bf6 11. Nc3 c6 12. Ba3 Be7 13. Rfd1 Bd7 14. Rab1 Kh8 15.
bxc6 bxc6 16. e4 Na6 17. f4 Ra7 18. Qe3 Rc7 19. Rb6 Nb4 20. Bxb4 axb4 21. Rxb4
d5 22. c5 fxe4 23. Rdb1 Qa8 24. Na4 Be8 25. Nb6 Qxa2 26. Bh3 Rf6 27. R4b2 Qa6
28. Bf1 Qa7 29. Qc1 Rf8 30. Ra1 Bf6 31. Rxa7 Bxd4+ 32. Kg2 Bxb2 33. Qxb2 Rxa7
34. Nc8 Ra8 35. Nd6 Bh5 36. Be2 Rfb8 37. Qd2 e3 38. Qc2 Bg6 39. Bd3 Bxd3 40.
Qxd3 Ra2+ 41. Kf3 e2 42. Kf2 Rbb2 43. Nf7+ Kg8 44. Ng5 e1=Q+ 45. Kxe1 Ra1+ 46.
Qd1 Rxd1+ 47. Kxd1 Rxh2 48. Nxe6 Kf7 49. Nd8+ Ke7 50. Nxc6+ Kd7 51. Ne5+ Kc7 52.
Ke1 Rg2 53. g4 Rc2 54. Nd3 Kc6 55. Nb4+ Kxc5 56. Nxc2 d4 57. Kd2 Kd5 58. Kd3 Ke6
59. Nxd4+ Kf6 60. Ke4 g6 61. Nf3 h5 62. g5+ Kf7 63. Nh4 1-0

[Event "PNWCC Masters 2020"]
[Site "chess.com INT"]
[Date "2020.05.24"]
[Round "6.27"]
[White "Li, Thomas"]
[Black "Vivekananthan, Anish"]
[Result "0-1"]
[BlackTitle "FM"]
[WhiteElo "1822"]
[BlackElo "2239"]
[WhiteFideId "30957621"]
[BlackFideId "2090775"]
[EventDate "2020.05.23"]

1. e4 c5 2. Nc3 Nc6 3. Bb5 Nd4 4. Nf3 e6 5. O-O Ne7 6. Nxd4 cxd4 7. Ne2 a6 8.
Bd3 Nc6 9. c3 Bc5 10. cxd4 Nxd4 11. b3 b5 12. Bb2 Qb6 13. Ng3 e5 14. Kh1 O-O 15.
f4 d6 16. f5 f6 17. Nh5 a5 18. Rc1 Ba6 19. Qg4 Rf7 20. Bxd4 Bxd4 21. Rc2 a4 22.
Rfc1 axb3 23. axb3 Bc5 24. b4 Bxb4 25. Rc6 Qd8 26. Bc2 Kh8 27. Bb3 Re7 28. h3
Bb7 29. R6c2 Bc5 30. Rc3 Ra3 31. Rg3 Qf8 32. Qh4 h6 33. Nxg7 Kh7 34. Rg6 Qxg7
35. Rxg7+ Rxg7 36. Be6 Rag3 37. Bd5 Bxd5 38. exd5 Rxg2 39. Qxf6 Bg1 40. Qxg7+
Rxg7 41. Rxg1 Rxg1+ 42. Kxg1 Kg7 43. Kf1 Kf6 44. Ke2 Kxf5 45. Kd3 Kf4 46. Kc3
Ke4 47. Kb4 Kxd5 48. Kxb5 h5 49. Kb4 Kd4 50. Kb5 Kd3 51. Kc6 Kxd2 52. Kd5 h4 53.
Ke4 Ke2 54. Kd5 Kf3 55. Kxd6 e4 0-1

[Event "PNWCC Masters 2020"]
[Site "chess.com INT"]
[Date "2020.05.24"]
[Round "6.28"]
[White "Wen, Teddie"]
[Black "Modi, Ethan"]
[Result "1-0"]
[WhiteElo "2071"]
[BlackElo "1786"]
[WhiteFideId "30952247"]
[BlackFideId "30960592"]
[EventDate "2020.05.23"]

1. d4 Nf6 2. c4 g6 3. Nc3 d5 4. cxd5 Nxd5 5. Bd2 Bg7 6. e4 Nb6 7. Be3 O-O 8. h3
Nc6 9. Nf3 Qd6 10. Bb5 a6 11. Bxc6 Qxc6 12. O-O Nc4 13. Qe2 Nxe3 14. Qxe3 f5 15.
Rac1 fxe4 16. Nxe4 Qb6 17. Rfe1 Bd7 18. Nc5 Bc6 19. Qe6+ Kh8 20. d5 Bb5 21. a4
Bxb2 22. axb5 Bxc1 23. Rxc1 Qxe6 24. Nxe6 Rf5 25. Rxc7 axb5 26. Rxe7 h6 27. Kh2
Rxd5 28. Nc7 Rdd8 29. Nxa8 Rxa8 30. Rxb7 1-0

[Event "PNWCC Masters 2020"]
[Site "chess.com INT"]
[Date "2020.05.24"]
[Round "6.29"]
[White "Tay, Brian"]
[Black "Yan, Ruiyang"]
[Result "0-1"]
[BlackTitle "WCM"]
[WhiteElo "1898"]
[BlackElo "2093"]
[WhiteFideId "30941083"]
[BlackFideId "30919860"]
[EventDate "2020.05.23"]

1. e4 c5 2. Nf3 d6 3. d4 cxd4 4. Nxd4 Nf6 5. Nc3 a6 6. Bg5 Nbd7 7. Bc4 Qb6 8.
Bb3 e6 9. Qd2 Be7 10. O-O-O Nc5 11. Rhe1 Qc7 12. f4 O-O 13. e5 dxe5 14. fxe5 Ne8
15. Bxe7 Qxe7 16. Qf4 b5 17. a3 Bb7 18. g4 Nc7 19. g5 Rac8 20. Kb1 Rfd8 21. Re3
Nxb3 22. cxb3 a5 23. Rh3 Nd5 24. Qh4 Nxc3+ 25. bxc3 h6 26. gxh6 Qxh4 27. Rxh4 g6
28. Rf1 Rd7 29. Rhf4 Ba6 30. Kb2 Rcc7 31. b4 a4 32. R4f2 Kh7 33. Rf4 Kxh6 34.
R1f3 Kg7 35. h4 Rd5 36. Re3 Kh6 37. Kc2 Bb7 38. Ne2 Rd8 39. Rf6 Bd5 40. Nf4 Bb3+
41. Kc1 Rd1+ 42. Kb2 Rd2+ 43. Kb1 Rcd7 44. Re1 Bc2+ 45. Kc1 Bf5 0-1

[Event "PNWCC Masters 2020"]
[Site "chess.com INT"]
[Date "2020.05.24"]
[Round "6.31"]
[White "Chang, Eddie"]
[Black "Wang, Alex Yuxuan"]
[Result "1/2-1/2"]
[WhiteElo "1667"]
[BlackElo "1983"]
[WhiteFideId "30960932"]
[BlackFideId "30943876"]
[EventDate "2020.05.23"]

1. d4 Nf6 2. c4 g6 3. Nc3 d5 4. cxd5 Nxd5 5. e4 Nxc3 6. bxc3 Bg7 7. Qa4+ c6 8.
Nf3 O-O 9. Be2 c5 10. O-O cxd4 11. cxd4 Nc6 12. Be3 Bg4 13. Rfd1 Qa5 14. Qxa5
Nxa5 15. Rac1 Rac8 16. Bg5 e6 17. e5 Nc6 18. h3 Bf5 19. g4 Be4 20. Nd2 Bd5 21.
Nc4 Bxc4 22. Rxc4 h6 23. Be3 Rfd8 24. Rdc1 Ne7 25. Rc7 Nc6 26. Rxb7 Nxd4 27.
Rxc8 Nxe2+ 28. Kf1 Rxc8 29. Kxe2 Rc2+ 30. Kd3 Rxa2 31. Rb8+ Kh7 32. Rb7 Kg8 33.
Rb8+ Kh7 1/2-1/2

[Event "PNWCC Masters 2020"]
[Site "chess.com INT"]
[Date "2020.05.24"]
[Round "6.32"]
[White "Xie, Bryan"]
[Black "Jiang, Leo"]
[Result "1-0"]
[WhiteTitle "CM"]
[WhiteElo "2049"]
[BlackElo "1592"]
[WhiteFideId "30941296"]
[BlackFideId "30952140"]
[EventDate "2020.05.23"]

1. e4 e6 2. d4 d5 3. Nc3 Bb4 4. e5 Ne7 5. Nf3 c5 6. a3 Bxc3+ 7. bxc3 Nbc6 8. Be2
Bd7 9. O-O Qa5 10. a4 h6 11. Ba3 c4 12. Qd2 g5 13. Rfb1 O-O-O 14. Rb5 Qa6 15.
Rab1 b6 16. a5 Ng6 17. Bd6 Nxa5 18. R5b2 Nb7 19. Bb4 Rde8 20. Qc1 Nd8 21. Bd6
Nc6 22. Ra1 Qb7 23. h3 Nge7 24. Nh2 Nf5 25. Ba3 Reg8 26. Ng4 Ng7 27. Nf6 Rd8 28.
Rba2 Ne8 29. Be7 Nxf6 30. Bxf6 Rde8 31. Bxh8 Rxh8 32. Bh5 Be8 33. Qa3 Rg8 34.
Re1 Qd7 35. Re3 f5 36. Bxe8 Rxe8 37. Qa4 Rg8 38. Ra1 Kb7 39. Qa6+ Kb8 40. Qa3
Kc8 41. Qc1 Qg7 42. Qd1 Kb8 43. Qf3 Ne7 44. Ree1 Ng6 45. Reb1 Nh4 46. Qh5 Ng6
47. Rb4 g4 48. Rba4 Nf4 49. Qh4 gxh3 50. g3 Ng6 51. Qxh3 f4 52. Rxa7 Ne7 53.
Qxe6 fxg3 54. Qxb6+ Kc8 55. Qc7# 1-0

[Event "PNWCC Masters 2020"]
[Site "chess.com INT"]
[Date "2020.05.24"]
[Round "6.33"]
[White "Vega, Isaac"]
[Black "Lu, Jason"]
[Result "0-1"]
[WhiteElo "1735"]
[BlackElo "2024"]
[WhiteFideId "30914035"]
[BlackFideId "30938040"]
[EventDate "2020.05.23"]

1. e4 c5 2. Nc3 d6 3. f4 g6 4. Nf3 Bg7 5. Bb5+ Bd7 6. Bc4 Nc6 7. O-O Na5 8. Be2
Nf6 9. d3 O-O 10. Qe1 Nc6 11. Nd1 Nd4 12. Ne3 Ng4 13. Bd1 Nxe3 14. Bxe3 f5 15.
c3 Nxf3+ 16. Rxf3 Bc6 17. Bb3+ Kh8 18. Rh3 e5 19. fxe5 Bxe5 20. d4 Bg7 21. exf5
Rxf5 22. Be6 Rf8 23. d5 Bd7 24. Bf2 Bf6 25. Qe4 Be8 26. Re1 b6 27. Be3 Bg5 28.
Qg4 Bxe3+ 29. Rexe3 Qf6 30. Ref3 Qg7 31. Rxf8+ Qxf8 32. Qh4 Qg7 33. Re3 Bb5 34.
a4 Ba6 35. Bg4 Rf8 36. Re7 Rf1# 0-1

[Event "PNWCC Masters 2020"]
[Site "chess.com INT"]
[Date "2020.05.24"]
[Round "6.34"]
[White "Jin, Derek"]
[Black "Bian, Erin"]
[Result "1/2-1/2"]
[WhiteElo "1880"]
[BlackElo "1485"]
[WhiteFideId "30920329"]
[BlackFideId "30966043"]
[EventDate "2020.05.23"]

1. e4 e5 2. Nf3 Nc6 3. Bc4 Bc5 4. O-O Nf6 5. d3 d6 6. c3 O-O 7. Nbd2 Ne7 8. h3
Ng6 9. Re1 c6 10. Bb3 Re8 11. d4 Bb6 12. Bc2 Bc7 13. Nf1 Nh5 14. Nxe5 dxe5 15.
Qxh5 exd4 16. Rd1 Re5 17. Qe2 c5 18. Nh2 Re8 19. Nf3 Ne5 20. cxd4 Nxf3+ 21. Qxf3
cxd4 22. Bf4 Bxf4 23. Qxf4 b6 24. Bb3 1/2-1/2

[Event "PNWCC Masters 2020"]
[Site "chess.com INT"]
[Date "2020.05.24"]
[Round "6.35"]
[White "Park, Evan"]
[Black "Rao, Anjaneya"]
[Result "1-0"]
[WhiteElo "2146"]
[BlackElo "1814"]
[WhiteFideId "30931142"]
[BlackFideId "30954770"]
[EventDate "2020.05.23"]

1. e4 c5 2. Nf3 d6 3. d4 cxd4 4. Nxd4 Nf6 5. Nc3 g6 6. Be3 Bg7 7. f3 O-O 8. g4
Nc6 9. Qd2 Bd7 10. h4 h5 11. g5 Ne8 12. O-O-O Rc8 13. Kb1 Ne5 14. Be2 Nc4 15.
Bxc4 Rxc4 16. Nde2 b5 17. Bd4 Rxd4 18. Nxd4 Nc7 19. f4 Qa8 20. Nb3 Bc6 21. Rhe1
a5 22. Nd5 Bxd5 23. exd5 a4 24. Nc1 Re8 25. a3 Na6 26. Na2 b4 27. axb4 Qa7 28.
Re3 Rb8 29. c3 a3 30. b3 Nc5 31. bxc5 Rxb3+ 32. Ka1 Rb2 33. Qd3 Qb7 34. Qc4 dxc5
35. Red3 Rc2 36. Rb1 Rb2 37. Rdd1 Qb6 38. Qa4 1-0

[Event "PNWCC Masters 2020"]
[Site "chess.com INT"]
[Date "2020.05.24"]
[Round "6.41"]
[White "Xu, Jayden"]
[Black "Tu, Lawrence"]
[Result "0-1"]
[WhiteElo "1683"]
[BlackElo "1554"]
[WhiteFideId "30941423"]
[BlackFideId "30935407"]
[EventDate "2020.05.23"]

1. d4 d5 2. c4 e6 3. Nc3 c6 4. Nf3 dxc4 5. a4 Bb4 6. e4 b5 7. Bd2 a5 8. axb5
Bxc3 9. Bxc3 cxb5 10. b3 Bb7 11. bxc4 b4 12. Bb2 Bxe4 13. d5 Nf6 14. Qa4+ Qd7
15. dxe6 fxe6 16. Ne5 Qxa4 17. Rxa4 O-O 18. Bd3 Bxd3 19. Nxd3 Rc8 20. c5 Nbd7
21. Bd4 Ne4 22. O-O Ndxc5 23. Nxc5 Nxc5 24. Ra2 b3 25. Rb2 a4 26. Ra1 Nd3 27.
Rd2 Nb4 28. Be5 a3 0-1

[Event "PNWCC Masters 2020"]
[Site "chess.com INT"]
[Date "2020.05.24"]
[Round "6.42"]
[White "Yang, Maxwell"]
[Black "Feng, Andrew"]
[Result "1-0"]
[WhiteElo "1075"]
[BlackElo "1484"]
[WhiteFideId "30965268"]
[BlackFideId "30943256"]
[EventDate "2020.05.23"]

1. e4 e6 2. d4 d5 3. Nc3 dxe4 4. Nxe4 Nd7 5. Nf3 Ngf6 6. Nxf6+ Nxf6 7. c3 c5 8.
Be3 Qc7 9. Bb5+ Bd7 10. Bxd7+ Nxd7 11. Qc2 Be7 12. O-O O-O 13. Rfd1 Nf6 14. Rac1
Rfd8 15. c4 cxd4 16. Nxd4 a6 17. a3 Rac8 18. b4 Ng4 19. g3 Nxe3 20. fxe3 Bg5 21.
Qe4 Bf6 22. Rd2 Be5 23. c5 Rd5 24. a4 Qd7 25. b5 axb5 26. axb5 Rcxc5 27. Rxc5
Rxc5 28. Nb3 Rd5 29. Qxe5 Rxd2 30. Nxd2 f6 31. Qb2 Qd3 32. Kf2 Qf5+ 33. Nf3 g5
34. Ke2 g4 35. Nd4 Qd5 36. Qb3 Qg2+ 37. Kd3 Qf1+ 38. Kc2 Qf2+ 39. Kd3 Qf1+ 40.
Kc3 Qc1+ 41. Kb4 Qe1+ 42. Kc5 Qc1+ 43. Kd6 b6 44. Qxe6+ Kh8 45. Qe8+ Kg7 46.
Nf5# 1-0

[Event "PNWCC Masters 2020"]
[Site "chess.com INT"]
[Date "2020.05.24"]
[Round "6.43"]
[White "Harish, Neeraj"]
[Black "Jones, Davey"]
[Result "0-1"]
[WhiteElo "1472"]
[BlackElo "1593"]
[WhiteFideId "30958130"]
[BlackFideId "2088053"]
[EventDate "2020.05.23"]

1. e4 c5 2. Nf3 a6 3. c4 e6 4. Nc3 Qc7 5. d4 cxd4 6. Nxd4 Nf6 7. Be3 d6 8. Be2
Nbd7 9. O-O Be7 10. f3 O-O 11. Rc1 b6 12. Qd2 Bb7 13. Nc2 Rac8 14. Rfd1 Ne5 15.
b3 b5 16. Ne1 bxc4 17. Na4 Qb8 18. Nb6 Rc6 19. Nxc4 Nxc4 20. Bxc4 d5 21. Bf4
Qa7+ 22. Be3 Bc5 23. Bxc5 Qxc5+ 24. Kh1 dxc4 25. Rxc4 Qb6 26. Rb4 Qc7 27. Qg5 h6
28. Qd2 Rc5 29. Rd4 a5 30. a3 Rc8 31. b4 axb4 32. axb4 Rc4 33. Rd8+ Kh7 34. Rxc8
Bxc8 35. Qd3 e5 36. Rb1 Rc3 37. Qd2 Qc4 38. h3 Be6 39. b5 Rb3 0-1

[Event "PNWCC Masters 2020"]
[Site "chess.com INT"]
[Date "2020.05.25"]
[Round "7.1"]
[White "Vitiugov, Nikita"]
[Black "Bosiocic, Marin"]
[Result "1/2-1/2"]
[WhiteTitle "GM"]
[BlackTitle "GM"]
[WhiteElo "2722"]
[BlackElo "2625"]
[WhiteFideId "4152956"]
[BlackFideId "14507927"]
[EventDate "2020.05.23"]

1. e4 d6 2. d4 Nf6 3. Nc3 e5 4. dxe5 dxe5 5. Qxd8+ Kxd8 6. Bc4 Ke8 7. Nf3 Bd6 8.
Bg5 c6 9. a4 a5 10. O-O-O Bc7 11. Nh4 h6 12. Bxf6 gxf6 13. Nf5 Be6 14. Ng7+ Ke7
15. Nf5+ Ke8 16. Ng7+ Ke7 17. Nf5+ Ke8 1/2-1/2

[Event "PNWCC Masters 2020"]
[Site "chess.com INT"]
[Date "2020.05.25"]
[Round "7.2"]
[White "Chigaev, Maksim"]
[Black "Xiong, Jeffery"]
[Result "1/2-1/2"]
[WhiteTitle "GM"]
[BlackTitle "GM"]
[WhiteElo "2588"]
[BlackElo "2709"]
[WhiteFideId "4108116"]
[BlackFideId "2047640"]
[EventDate "2020.05.23"]

1. e4 e6 2. d4 d5 3. Nc3 Bb4 4. e5 Ne7 5. a3 Bxc3+ 6. bxc3 c5 7. a4 Qc7 8. Nf3
b6 9. Bb5+ Bd7 10. Be2 Bc8 11. Bb5+ Bd7 12. Be2 Nbc6 13. O-O O-O 14. Re1 Na5 15.
h4 Nc4 16. h5 h6 17. Bf4 cxd4 18. cxd4 f5 19. exf6 Qxf4 20. fxe7 Rf5 21. Bxc4
dxc4 22. Re5 Re8 23. Qe2 Bc6 24. Rxe6 Bxf3 25. Qxf3 Qxf3 26. gxf3 Kf7 27. Rae1
Rg5+ 28. Kf1 Rxh5 29. R1e4 Rd5 30. Rc6 Rxe7 31. Rxc4 Red7 32. c3 Ra5 33. f4 a6
34. Re5 b5 35. Ke2 Re7 36. axb5 axb5 37. Rxe7+ Kxe7 38. Rc7+ Kf6 39. Kf3 h5 40.
Rc5 g6 41. Ke4 h4 42. Kf3 Ra3 43. Kg4 h3 44. Kxh3 b4 45. Kg4 Rxc3 46. Rb5 Rc4
47. Rb6+ Kf7 48. d5 Rc5 49. Rb7+ Kf6 50. Rb6+ Kf7 51. Rb7+ Kf6 52. Rb6+ Kf7 1/2-1/2

[Event "PNWCC Masters 2020"]
[Site "chess.com INT"]
[Date "2020.05.25"]
[Round "7.3"]
[White "Oparin, Grigoriy"]
[Black "Bernadskiy, Vitaliy"]
[Result "1/2-1/2"]
[WhiteTitle "GM"]
[BlackTitle "GM"]
[WhiteElo "2652"]
[BlackElo "2629"]
[WhiteFideId "24125890"]
[BlackFideId "14100371"]
[EventDate "2020.05.23"]

1. Nf3 c5 2. c4 Nc6 3. d4 cxd4 4. Nxd4 g6 5. g3 Bg7 6. Nc2 d6 7. Bg2 Be6 8. Ne3
Qd7 9. h4 Nf6 10. Nc3 O-O 11. Bd2 Rac8 12. b3 Nd4 13. a4 Rfd8 14. Rc1 h5 15. Ne4
Nxe4 16. Bxe4 Nf5 17. Nd5 Bxd5 18. Bxd5 e6 19. Bg2 d5 20. cxd5 Rxc1 21. Bxc1
Bc3+ 22. Bd2 Bxd2+ 23. Qxd2 Ne7 24. O-O Nxd5 25. Rc1 b6 26. Bf3 Nf6 27. Qg5 Qd2 1/2-1/2

[Event "PNWCC Masters 2020"]
[Site "chess.com INT"]
[Date "2020.05.25"]
[Round "7.4"]
[White "Kuzubov, Yuriy"]
[Black "Predojevic, Borki"]
[Result "1/2-1/2"]
[WhiteTitle "GM"]
[BlackTitle "GM"]
[WhiteElo "2643"]
[BlackElo "2601"]
[WhiteFideId "14112906"]
[BlackFideId "930849"]
[EventDate "2020.05.23"]

1. c4 d6 2. Nc3 e5 3. g3 g6 4. d4 Bg7 5. Nf3 Bd7 6. Bg2 Ne7 7. O-O O-O 8. e3 a5
9. b3 Nbc6 10. Bb2 Bg4 11. d5 e4 12. dxc6 bxc6 13. h3 Bxf3 14. Bxf3 exf3 15.
Qxf3 Qd7 1/2-1/2

[Event "PNWCC Masters 2020"]
[Site "chess.com INT"]
[Date "2020.05.25"]
[Round "7.5"]
[White "Belous, Vladimir"]
[Black "Fedoseev, Vladimir3"]
[Result "0-1"]
[WhiteTitle "GM"]
[BlackTitle "GM"]
[WhiteElo "2524"]
[BlackElo "2678"]
[WhiteFideId "4174003"]
[BlackFideId "24130737"]
[EventDate "2020.05.23"]

1. c4 e5 2. g3 Nf6 3. Bg2 c6 4. Nf3 e4 5. Nd4 d5 6. cxd5 Qxd5 7. e3 Qe5 8. Nc3
Bc5 9. Nb3 Bb6 10. d4 exd3 11. Qxd3 O-O 12. O-O Rd8 13. Qc2 Na6 14. a3 Be6 15.
Nd2 Nc5 16. Nf3 Qh5 17. b4 Bf5 18. Qa2 Nd3 19. Ne1 Ng4 20. h3 Nxc1 21. Rxc1 Nxe3
22. g4 Bxg4 23. hxg4 Nxg4 24. Nf3 Rd3 25. Rfd1 Nxf2 0-1

[Event "PNWCC Masters 2020"]
[Site "chess.com INT"]
[Date "2020.05.25"]
[Round "7.6"]
[White "Sevian, Samuel"]
[Black "Wang, Jason"]
[Result "1-0"]
[WhiteTitle "GM"]
[BlackTitle "FM"]
[WhiteElo "2660"]
[BlackElo "2312"]
[WhiteFideId "2040506"]
[BlackFideId "30908124"]
[EventDate "2020.05.23"]

1. e4 c5 2. Nf3 e6 3. d4 cxd4 4. Nxd4 a6 5. Bd3 Nf6 6. O-O Qc7 7. Qe2 d6 8. c4
g6 9. Nc3 Bg7 10. Nf3 O-O 11. Bf4 Nh5 12. Be3 Bxc3 13. bxc3 Nd7 14. Bh6 Rd8 15.
Rad1 e5 16. Qe3 Nc5 17. Be2 Qe7 18. Rfe1 Ng7 19. Nd2 Be6 20. f4 f6 21. Nb3 Nd7
22. Na5 Nc5 23. Rf1 Rac8 24. Rf2 Qc7 25. Nb3 Na4 26. fxe5 fxe5 27. Rf6 Bxc4 28.
Bg4 Rb8 29. h4 Qe7 30. Qg5 Nxc3 31. Re1 Re8 32. Re3 Nb5 33. h5 Rf8 34. Rxg6 Qxg5
35. Rxg5 Rf7 36. Na5 Bxa2 37. Re2 Nc3 38. Rxa2 Nxe4 39. Rxg7+ Rxg7 40. Bxg7 Kxg7
41. Rc2 Nc5 42. Nc4 Rd8 43. Nxe5 dxe5 44. Rxc5 Kf6 45. Rc7 b5 46. Rxh7 a5 47.
Rb7 b4 48. h6 Rh8 49. h7 b3 50. Rxb3 Rxh7 51. Kf2 Rc7 52. Bd1 Rc4 53. Rb6+ Kf5
54. Rb5 Rd4 55. Ke1 Re4+ 56. Kf1 Rf4+ 57. Kg1 Rc4 58. Rxa5 Rc1 59. Rd5 Ke4 60.
Rd8 Ke3 61. Kh2 e4 62. Kg3 Rc7 63. Bg4 Rg7 64. Ra8 Kd2 65. Ra2+ Ke3 66. Ra3+ Kd4
67. Kf4 Rb7 68. Ra4+ 1-0

[Event "PNWCC Masters 2020"]
[Site "chess.com INT"]
[Date "2020.05.25"]
[Round "7.7"]
[White "Chasin, Nico"]
[Black "Postny, Evgeny"]
[Result "1-0"]
[WhiteTitle "FM"]
[BlackTitle "GM"]
[WhiteElo "2303"]
[BlackElo "2600"]
[WhiteFideId "30908477"]
[BlackFideId "2804344"]
[EventDate "2020.05.23"]

1. d4 Nf6 2. c4 e6 3. Nc3 Bb4 4. Qc2 O-O 5. Bg5 h6 6. Bh4 c5 7. dxc5 Qa5 8. Bxf6
gxf6 9. Nf3 Na6 10. g3 Nxc5 11. Bg2 Na4 12. O-O Nxc3 13. bxc3 Bxc3 14. Rab1 Bb4
15. Rfd1 Rd8 16. Rd4 Bf8 17. Rg4+ Bg7 18. Rb5 Qa3 19. Nh4 d6 20. Qd2 d5 21. Qxh6
Qf8 22. cxd5 exd5 23. Be4 dxe4 24. Rh5 Rd1+ 25. Kg2 1-0